[Event "TUR Cup										"]
[Site "Antalya"]
[Date "2018.01.30"]
[Round "5"]
[White "Kasci, Baris"]
[Black "Tasdemir, Burhan"]
[Result "0-1"]
[WhiteElo "1146"]
[BlackElo "1461"]
[PlyCount "68"]
[EventDate "2018.01.27"]
[EventType "swiss"]
[EventRounds "11"]
[EventCountry "TUR"]
[SourceTitle "CBM 182 Extra"]
[Source "ChessBase"]
[SourceDate "2018.02.23"]
[SourceVersion "1"]
[SourceVersionDate "2018.02.23"]
[SourceQuality "1"]

1. e4 e5 2. Nf3 Nc6 3. d4 exd4 4. Nxd4 d5 5. Bb5 Bd7 6. exd5 Nxd4 7. Bxd7+ Qxd7 8. Qxd4 c6 9. Qe5+ Be7 10. Nc3 0-0-0 11. 0-0 Nf6 12. dxc6 bxc6 13. Be3 Bd6 14. Qa5 Kb8 15. Rfd1 Qb7 16. h3 Rd7 17. Rab1 Rhd8 18. a3 Bc7 19. Qb4 Rxd1+ 20. Nxd1 Qxb4 21. axb4 Nd5 22. Bc5 Re8 23. Kf1 a5 24. c3 Nf6 25. bxa5 Bxa5 26. b4 Bc7 27. Ne3 Ne4 28. Rc1 Nd2+ 29. Ke2 Ne4 30. c4 f5 31. b5 Nxc5 32. bxc6 f4 33. Rb1+ Kc8 34. Ra1 fxe3 0-1